• 首页
  • 本馆介绍
  • 公告通知
  • 最新文献
  • 馆藏检索
  • 电子资源
  • 读者导购
  • 参考咨询
  • 我的图书馆
  • 登录
  • 详细信息显示
  • 放入我的书架
  • 预约/预借图书
  • 作者相关作品
  • 分类相关作品
  • 丛书相关作品
  • 出版社相关作品

书目信息

  • 表格格式
  • 工作单格式
  • 卡片格式
题名:
苏联共产党的建设论文集
    
 
作者: ;学习译丛编辑部 辑译
分册: 第二集  
出版信息: 北京   学习杂志出版社  1956
页数: 198页
开本: 20cm
丛书名:
单 册:
中图分类: D351.26-53
科图分类:
主题词:
电子资源:
ISBN: 3053.3
000 00745pam0 2200241 450
001 005378305
005 20210301121930.0
010    @a3053.3@dCNY1.00
091    @a3053.3@b精装@dCNY1.00
100    @a20011225d1954 em y0chiy0120 ea
101 1  @achi
102    @aCN@b110000
105    @ay z 000yy
106    @ar
200 1  @a苏联共产党的建设论文集@9Su Lian Gong Chan Dang De;Di Jian She Lun Wen Ji @f学习译丛编辑部辑译@h第二集
210    @a北京@c学习杂志出版社@d1956
215    @a198页@d20cm
601 02 @a苏联共产党(布尔什维克)@x党的建设@x文集
686    @a576.8131
690    @aD351.26-53@v3
711 02 @a学习译丛编辑部@9xue xi yi cong bian ji bu@4辑译
801  0 @aCN@bAzMarc@c20210624
905    @aBZT@dD351.26@e3:2@f1@sD351.26/3:2
    
    苏联共产党的建设论文集/学习译丛编辑部辑译.第二集.-北京:学习杂志出版社,1956
    198页;20cm
    
    
    ISBN 3053.3:CNY1.00
    
●
相关链接 在五车中查询图书 在当当中查询图书 在豆瓣中查询图书


正题名:苏联共产党的建设论文集     索取号:D351.26/3:2         预约/预借

序号 登录号 条形码 馆藏地/架位号 状态 备注
1 2000115952   2000115952   旧书回溯/ [索取号:D351.26/3:2] 在馆    
山东省滨州职业学院图书馆 欢迎您!
大连网信软件有限公司© 版权所有